[Event "Østlandsserien 2018/2019, 4. div. D"]
[Site "Ås, Akershus NOR"]
[Date "2019.03.10"]
[Round "5"]
[White "Aamodt, Peder Marcus"]
[Black "Nygaard, Trond"]
[Result "1-0"]
[WhiteElo "1408"]
[BlackElo "1495"]
[Annotator "Peder Marcus Aamodt og Stockfish 10"]
[PlyCount "141"]
[EventDate "2018.11.04"]
[WhiteTeam "Follo 3"]
[BlackTeam "Groruddalen 3"]

1. e4 c5 2. Nf3 Nc6 3. Nc3 d6 4. Bc4 Nf6 5. d3 $5 $146 {5.d4 er mer normalt} g6
{[%eval 53,20] litt rart å spille dragevarianten mot d3} (5... e6 $15 {[%eval
-48,23]}) 6. Bg5 {[%eval -28,20] B50: Sicilian: 2...d6, Miscellaneous} (6. Nd5
$14 {[%eval 53,20]}) 6... Bg7 $11 7. h3 {[%eval -68,20]} ({Better is} 7. O-O
$11 {[%eval -1,22]}) (7. O-O h6 8. Be3 Ng4 9. Bf4 O-O 10. h3 Nge5 11. Nxe5 Nxe5
12. Bb3 Nc6 13. Be3 Nd4 14. Bc4 Bd7 15. a4 {1-0 (54) Tabatabaei,M (2448)
-Mamedov,R (2658) Nakhchivan 2015}) 7... O-O {[%eval 8,21]} (7... h6 $15 {
[%eval -68,20]} 8. Be3 O-O) 8. Qd2 {The position is equal.} Na5 {[%eval 95,20]}
(8... a6 $11 {[%eval -18,24]}) 9. Bb3 {[%eval -27,25]} (9. O-O $16 {[%eval 95,
20]}) 9... Nxb3 {[%eval 20,19]} (9... a6 $142 {[%eval -27,25]}) 10. axb3 a6 {
[%eval 49,21]} (10... b6 $11 {[%eval 0,24]}) 11. Bh6 $146 {[%eval -27,19]} ({
White should play} 11. d4 $14 {[%eval 49,21]}) ({Predecessor:} 11. O-O b5 12.
Nxb5 Bxh3 13. Nxd6 Bxg2 14. Nxf7 Rxf7 15. Kxg2 {1/2-1/2 (40) Redolar Cortes,A 
(1567)-Pellicer Sancho,R (1739) Zaragoza 2015}) 11... b5 $2 {[%eval 205,23]
taper en bonde} (11... e5 {[%eval 44,22] 11... b6 -0.12 var det jeg tenkte at
han skulle spille}) (11... b6 $11 {[%eval -27,19]}) 12. Bxg7 $1 {løperen kan
bli sterk etter noen trekk fra denne stillingen så jeg bare eliminerte løperen}
Kxg7 {[#]} 13. Nxb5 $1 {Pin} Bb7 {[%eval 180,22]} (13... Bxh3 $2 {[%eval 660,
21] 13...e5 1.38} 14. Rxh3 axb5 15. Rxa8 Qxa8 16. Qh6+ $1 Kg8 {[#]} 17. Ng5 $1
{og dette kan bli ekstremt farlig}) (13... e5 $16 {[%eval 107,23]}) (13... axb5
14. Rxa8) 14. Nc3 $18 e5 15. h4 {[%eval 92,20]} (15. O-O $18 {[%eval 182,22]})
15... Nh5 {[%eval 164,23] jeg tror h6 var bedre} (15... h6 16. Ne2 {[%eval 56,
23]} (16. Nh2 $16 {[%eval 143,22]}) 16... Qe7 $2 {[%eval 212,21]} (16... d5 $1
$14 {[%eval 56,23]}) 17. Ng3 {og det er vanskeligere å få en bedre stilling.
men jeg har en bonde da}) (15... a5 $16 {[%eval 92,20]}) 16. g4 $36 {White is
really pushing.} Nf4 17. Ne2 {[%eval 130,23]} (17. h5 $18 {[%eval 178,20]})
17... Qf6 {[%eval 241,19]} (17... Qd7 $16 {[%eval 130,23] is a better defense.}
) 18. Nxf4 exf4 {[%eval 354,20]} (18... d5 $142 {[%eval 231,25]} 19. Nxe5 (19.
exd5 Bxd5 20. Nxd5 Qxf3 $16) 19... Qxe5) 19. c4 {[%eval 195,23] stopper
muligheter for d5} (19. O-O-O $142 {[%eval 354,20]}) 19... Rfe8 $2 {[%eval 356,
22]} (19... Qe7 {[%eval 195,23]} 20. O-O-O (20. Qxf4 f5 $16) 20... a5 21. Qxf4
Bc6) 20. O-O-O a5 21. g5 Qd8 22. h5 $1 {dette trekket var jeg veldig fornøyd
med} Re6 $2 {[%eval 1054,26]} (22... Kg8 $142 {[%eval 337,24]} 23. Qc3 (23.
Qxf4 Rf8 $18) 23... Re7) 23. hxg6 Rxg6 {han må ta med tårnet} (23... hxg6 24.
Qc3+ f6 25. Rh6 Re5 26. Rdh1 {og dette er livsfarlig}) (23... fxg6 24. Qc3+ Kg8
25. Rxh7 $1 Kxh7 {han blir matt} 26. Rh1+ Kg8 27. Rh8+ Kf7 28. Rh7+ Kg8 29.
Qg7#) 24. Qc3+ f6 $2 (24... Kf8 {var bedre}) 25. gxf6+ $2 {[%eval 347,20] jeg
så ikke det beste trekket} (25. Rdg1 h6 26. gxh6+ Kh7 27. Rxg6 Kxg6 28. Rg1+
Kh5 {se på dette det er bare trist} 29. Qd2 $18) (25. Rdg1 $142 {[%eval 1247,
26]}) 25... Qxf6 26. Qxf6+ Rxf6 27. Rdg1+ Rg6 28. Ng5 Kg8 29. Ne6 {nå vinner
jeg enda en bonde} f3 30. Rxg6+ hxg6 {Endgame KRB-KRN} 31. Rg1 Kf7 32. Ng5+ Kf6
33. Nxf3 Bc6 34. Kd2 a4 {[%eval 408,24]} (34... Bd7 $142 {[%eval 290,27]} 35.
Ke3 a4 36. bxa4 Rxa4) 35. Ra1 g5 36. bxa4 Rh8 {ok nå er jeg 3 bønder over} 37.
Rg1 Rh5 $2 {[%eval 662,23]} (37... Bxa4 $142 {[%eval 444,29]} 38. Nxg5 Rb8) 38.
a5 Bb7 39. Ke3 Bc8 40. d4 $2 g4 41. Nd2 cxd4+ 42. Kxd4 Rxa5 43. Nf1 $2 {[%eval
135,29] ett litt dårlig trekk men jeg har en vunnet stilling} (43. Rh1 $18 {
[%eval 339,24] is more deadly.}) 43... Ra2 $16 44. Kc3 Ke5 {[%eval 324,24]} (
44... Ra1 $142 {[%eval 174,24]}) 45. Ng3 Kf4 46. Rd1 Kf3 47. Rd2 ({Noe som
også funker men som er litt dårligere er} 47. Rxd6 $6 Kxf2 48. Rd3 Bb7 $16)
47... Ra6 $2 {[%eval 443,22]} (47... Ra1 {[%eval 260,27]} 48. b3 (48. Rxd6 Kxf2
49. Nh5 Rh1 $14) 48... Rg1) 48. Nf5 $18 Bxf5 {[%eval 875,23]} (48... d5 $142 {
[%eval 427,25]} 49. Nh4+ (49. Rxd5 Kxf2 50. c5 Bb7 $18) 49... Kxe4 50. Rd4+ (
50. cxd5 Rh6 $16) 50... Ke5 51. Rxd5+ Kf4) 49. exf5 {KR-KR} Ra5 50. Rd5 {nå
taper jeg bonde} Ra7 51. f6 Rf7 52. Rf5+ Ke4 53. Rg5 Kf4 {[%eval 473,24]} (
53... Rxf6 $142 {[%eval 337,26]} 54. Rxg4+ Kf5) 54. Rg6 Kf5 55. Rh6 $2 {[%eval
107,30]} (55. Rg7 $18 {[%eval 355,27]} Rxf6 56. b4) 55... Kg5 $16 {[#]} 56. Rh2
$1 Rxf6 57. b4 {Strongly threatening b5.} Rf3+ 58. Kd4 Rh3 {[%eval 198,26]} (
58... Kf5 $16 {[%eval 107,32] was worth a try.} 59. Rg2 Ke6 60. Rxg4 Rxf2) 59.
Rg2 $18 Kf4 $2 {[%eval 637,30]} (59... Kf5 {[%eval 223,29]} 60. b5 Ke6 61. Rxg4
Rf3 62. Rg6+ Kd7 63. Rg7+ Ke6) 60. Kd5 $2 {[%eval 0,29]} (60. b5 {var bedre i
denne stillingen}) (60. b5 $18 {[%eval 637,30]} Kf5 61. Rg3) 60... Kf3 $2 {
[%eval 642,25]} (60... Rd3+ $11 {[%eval 0,29]} 61. Ke6 Rc3) 61. Rg1 Rh2 62.
Kxd6 {[%eval 517,25]} (62. b5 $142 {[%eval 1201,24]} Rh5+ 63. Kxd6 Rh6+ 64. Kc5
Rh5+ 65. Kb4) 62... Rxf2 {[%eval 1762,21]} (62... Rh6+ $142 {[%eval 517,25]}
63. Ke5 Rh5+ 64. Kf6 Rh6+ 65. Kg5 Rb6) 63. b5 g3 64. b6 Rb2 65. c5 Kf2 66. Rc1
g2 67. Kc7 Re2 68. b7 {White mates.} Re7+ (68... Re1 {funker ikke} 69. Rxe1
Kxe1 70. b8=Q g1=Q 71. Qb1+ Kf2 72. Qxg1+ Kxg1) 69. Kb6 g1=Q 70. Rxg1 Kxg1 71.
b8=Q {Accuracy: White = 54%, Black = 15%.} 1-0

[Event "Østlandsserien 2018/2019, 4. div. D"]
[Site "Ås, Akershus NOR"]
[Date "2019.03.10"]
[Round "5"]
[White "Sjømoen, Ole-Andreas"]
[Black "Thorvaldsen, Thomas"]
[Result "0-1"]
[WhiteElo "1262"]
[BlackElo "1329"]
[PlyCount "80"]
[EventDate "2018.11.04"]
[WhiteTeam "Groruddalen 3"]
[BlackTeam "Follo 3"]

1. e4 d5 2. exd5 Nf6 3. Bc4 Nxd5 4. Nf3 c6 5. O-O Bg4 6. d4 e6 7. Be3 Qb6 8. b3
Bd6 9. Bxd5 cxd5 10. Nbd2 O-O 11. c4 Qc6 12. c5 Bc7 13. Qe2 Nd7 14. b4 Nf6 15.
b5 Qd7 16. Rfd1 Ne4 17. Rac1 Ba5 18. Nb3 Nc3 19. Rxc3 Bxf3 20. gxf3 Bxc3 21.
Rc1 Bb4 22. c6 bxc6 23. bxc6 Qc7 24. Bg5 Bd6 25. f4 Bxf4 26. Bxf4 Qxf4 27. Rc5
Rfc8 28. Qd3 Kf8 29. Na5 g6 30. Qc3 Rab8 31. Nb7 Ke7 32. Ra5 Qg4+ (32... Rxb7
33. Qa3+ Kd8 34. cxb7) 33. Kf1 Ra8 34. Qc5+ Kf6 35. Nd6 Rcb8 36. Nb7 Rc8 37.
Qd6 Qxd4 38. c7 Qc4+ 39. Kg1 Qxc7 40. Qxc7 Rxc7 0-1

[Event "Østlandsserien 2017/2018, 3. div. A"]
[Site "Oslo NOR"]
[Date "2017.11.05"]
[Round "1"]
[White "Lange, Holger"]
[Black "Næss, Maria"]
[Result "0-1"]
[WhiteElo "1586"]
[BlackElo "1570"]
[PlyCount "134"]
[EventDate "2017.11.05"]
[Board "1"]
[WhiteTeam "Follo 1"]
[BlackTeam "Vålerenga 4"]

1. e4 e5 2. Nf3 Nc6 3. d4 exd4 4. Bc4 Nf6 5. Ng5 Ne5 6. Bb3 Bb4+ 7. c3 dxc3 8.
bxc3 h6 9. cxb4 hxg5 10. Bxg5 Qe7 11. a3 Ng6 12. Nc3 Qe5 13. Bxf6 gxf6 14. Qd2
d6 15. O-O-O Be6 16. Bxe6 fxe6 17. g3 O-O-O 18. f4 Qh5 19. Qd4 e5 20. Qxa7 exf4
21. Nd5 Qe5 22. gxf4 Nxf4 23. Qa8+ Kd7 24. Qa4+ Kc8 25. Qc2 Nxd5 26. exd5 Qa1+
27. Kd2 Qxa3 28. Qc3 Qxc3+ 29. Kxc3 Rh3+ 30. Rd3 Rdh8 31. Rxh3 Rxh3+ 32. Kc4
Rh4+ 33. Kc3 f5 34. Rf1 Rh5 35. h4 Kd7 36. Rf4 b5 37. Kd3 Ke7 38. Ke3 Kf6 39.
Kd4 Rh8 40. Ke3 Ke5 41. Rd4 Ra8 42. h5 Ra3+ 43. Rd3 f4+ 44. Ke2 Rxd3 45. Kxd3
Kf5 46. h6 Kg6 47. Ke4 Kxh6 48. Kxf4 Kg6 49. Kg4 Kf6 50. Kf4 Ke7 51. Ke4 Kd7
52. Kd4 c6 53. dxc6+ Kxc6 54. Ke4 Kc7 55. Kd4 Kd8 56. Ke4 Ke7 57. Kf5 Kf7 58.
Ke4 Ke6 59. Kd4 d5 60. Kc5 Ke5 61. Kxb5 d4 62. Kc4 Ke4 63. b5 d3 64. Kc3 Ke3
65. b6 d2 66. b7 d1=Q 67. b8=Q Qc1+ 0-1

[Event "Østlandsserien 2017/2018, 3. div. A"]
[Site "Oslo NOR"]
[Date "2017.11.05"]
[Round "1"]
[White "Skaslien, Ingrid"]
[Black "Moberg, Jan Rune"]
[Result "1-0"]
[WhiteElo "1587"]
[BlackElo "1520"]
[PlyCount "75"]
[EventDate "2017.11.05"]
[Board "2"]
[WhiteTeam "Vålerenga 4"]
[BlackTeam "Follo 1"]

1. d4 d6 2. c4 c6 3. Nc3 Nf6 4. e3 Nbd7 5. Nf3 e5 6. Bd3 Be7 7. O-O Qc7 8. b3
O-O 9. Ba3 Re8 10. Qc2 h6 11. Nh4 e4 12. Be2 Bf8 13. Nf5 g6 14. Ng3 d5 15. Bb2
Bg7 16. Rac1 Nb6 17. cxd5 Nfxd5 18. Ncxe4 Bf5 19. Nxf5 gxf5 20. Nc5 f4 21. e4
Qe7 22. Bf3 Nf6 23. Qd2 Nh7 24. Qxf4 Ng5 25. Bh5 Rf8 26. Rfe1 Rad8 27. Rcd1 Ne6
28. Nxe6 fxe6 29. Qg3 Nd7 30. e5 Rf5 31. Bg4 Rg5 32. Qh3 Nf8 33. Bc1 Rxg4 34.
Qxg4 Rd5 35. Bxh6 Kh7 36. Bxg7 Qxg7 37. Qh5+ Kg8 38. Rd3 1-0

[Event "Østlandsserien 2017/2018, 3. div. A"]
[Site "Oslo NOR"]
[Date "2017.11.05"]
[Round "1"]
[White "Kielland-Lund, Jon"]
[Black "Garcia, Megan Alyssa"]
[Result "1-0"]
[WhiteElo "1502"]
[BlackElo "1476"]
[Annotator "Kielland-Lund,Jon"]
[PlyCount "111"]
[EventDate "2017.11.05"]
[Board "3"]
[WhiteTeam "Follo 1"]
[BlackTeam "Vålerenga 4"]

1. c4 e5 2. Nc3 Nc6 3. Nf3 f5 4. d4 e4 5. Bg5 Be7 6. Bxe7 Ngxe7 7. Nd2 O-O 8.
e3 Nb4 9. a3 Nd3+ {Ikke den beste ideen jeg har sett....} 10. Bxd3 exd3 11. Nf3
c6 12. Qxd3 d5 13. cxd5 Nxd5 14. O-O Be6 15. Nxd5 Bxd5 16. Ne5 Qh4 {Mindere
farlig enn det ser ut som.} 17. f3 Rae8 18. Rac1 Rd8 19. g3 Qe7 20. Qc3 $1 Qg5
21. Rf2 f4 22. e4 {exf4 fulgt av Dd2 er bedre} fxg3 23. hxg3 Be6 24. f4 Qe7 25.
b4 Qd6 26. Rd1 g6 27. Rfd2 a6 28. Qc5 Qb8 29. Rh2 Rd6 30. Rhd2 Qd8 31. Kg2 Kg7
32. Rd3 b6 {Svart har dårlig tid. Derfor dette småspillet.} 33. Qc3 Qc8 34. Rc1
Bd7 35. d5 cxd5 36. Qxc8 {? Db2 vinner enkelt. Hvorfor er det så vanskelig å
finne sånne små mellomtrekk?} Rxc8 37. Rxc8 Bxc8 38. Rxd5 Rxd5 39. exd5 Kf6 40.
Kf3 g5 41. d6 g4+ 42. Nxg4+ Ke6 43. Ke4 h5 $2 44. f5+ Kxd6 45. Nf6 h4 46. gxh4
Bb7+ 47. Kf4 {Stockfish sier nå at det er matt i 20 i alle varianter. Det er
nesten skremmende..} Ke7 48. Kg5 Kf7 49. h5 Kg7 50. h6+ Kh8 51. Kg6 Bc6 52. h7
a5 53. bxa5 bxa5 54. Ng4 Be8+ 55. Kh6 a4 56. Ne5 {Og svart ga opp. Håpet nok
på et patt motiv her på slutten.} 1-0

[Event "Østlandsserien 2017/2018, 3. div. A"]
[Site "Oslo NOR"]
[Date "2017.11.05"]
[Round "1"]
[White "Lystad, Maximilian L"]
[Black "Bø, Martin"]
[Result "1/2-1/2"]
[WhiteElo "1417"]
[BlackElo "1475"]
[Annotator "Bø, Martin"]
[PlyCount "52"]
[EventDate "2017.11.05"]
[Board "4"]
[WhiteTeam "Vålerenga 4"]
[BlackTeam "Follo 1"]

1. e4 c5 2. Nf3 d6 3. Bb5+ Bd7 4. Bxd7+ Nxd7 5. d3 g6 6. O-O Bg7 7. Nc3 Ngf6 8.
h3 O-O 9. Be3 a6 10. Qd2 Re8 11. Bh6 Bh8 12. Nh2 b5 13. Rab1 b4 14. Ne2 d5 15.
exd5 Nxd5 16. Nf4 N7f6 17. Qe2 Qc7 (17... e5 18. Nxd5 Qxd5 {Gir sort en
ørliten fordel}) 18. Ne6 Qd6 (18... fxe6 19. Qxe6#) 19. Ng5 Nf4 20. Qf3 Ne6 21.
Rfe1 $2 Nxg5 $2 (21... Nd4 $1 22. Qd1 Nf5 23. Nxf7 Kxf7 24. Bg5 $17) 22. Bxg5
Qd5 23. Qe3 Qd4 (23... Qxa2 24. Qxc5 Rac8 25. Qxb4 Rxc2 26. Qa3 Qxa3 27. bxa3
Nd5 {Gir liten fordel sort}) 24. Qf3 {Truer Txe7} Qd5 (24... Kg7 25. Rxe7 Rxe7
26. Qxa8) 25. Qe3 Qd4 26. Qf3 Qd5 1/2-1/2

[Event "Østlandsserien 2017/2018, 3. div. B"]
[Site "Oslo NOR"]
[Date "2017.11.05"]
[Round "1"]
[White "Lea, Per"]
[Black "Førland, Tor Egil"]
[Result "1-0"]
[WhiteElo "1470"]
[BlackElo "1769"]
[Annotator "Lea, Per"]
[PlyCount "47"]
[EventDate "2017.11.05"]
[Board "1"]
[WhiteTeam "Follo 2"]
[BlackTeam "SOSS Selvaagbygg 2"]

1. e4 {I vårt aller første møte, NM i postsjakk 1976(!), klasse 2, spilte jeg
uvanlig nok 1. d4 og fikk remis.} d6 2. d4 Nf6 3. Nc3 g6 4. Bc4 Bg7 5. Nf3 O-O
{Samme stilling hadde vi også i 2012, alle trekkene gikk på mindre enn
bonustiden: hvits klokke sto på 1:30; svarts på 1:31.} 6. e5 ({Partiet i 2012
fortsatte} 6. O-O Nxe4 7. Nxe4 d5 8. Ned2 dxc4 9. Nxc4 c5 {og jeg likte ikke
at svart hadde "svindlet" til seg løperparet. Men humøret steg betraktelig da
svart i trekk 26 gikk rett inn i en springergaffel som kostet et helt tårn.
Diagrammet med sluttstillingen hengte jeg opp på kontoret dagen etter. At vi
hadde denne stillingen i 2012, husket jeg ikke under søndagens parti, men
likte ikke tanken på skinnofferet på e4. Sannsynligvis er skinnofferet best
for hvit.}) 6... dxe5 7. Nxe5 c5 8. Be3 Nbd7 (8... Nfd7 {ble foreslått i
etteranalysene. Poenget er å bli kvitt den ekle springeren på e5.}) 9. O-O Qc7
10. Nb5 Qa5 {[%emt 0:00:36] Plutselig er hvit nede i 0:52 og svart i} ({Her
vil Stockfish ha det til at det er bedre å innrømme at det forrige trekket var
tvilsomt og trekke madamen tilbake} 10... Qd8) 11. Qe1 Qxe1 12. Rfxe1 cxd4 13.
Bxd4 Nxe5 14. Rxe5 Bf5 $2 (14... a6 {er påkrevet her}) 15. Rxe7 a6 {[%emt 0:00:
32] Nå har svart alvorlige problemer på klokka: 3.29 (3 minutter og 29
sekunder!) igjen. Selv hadde jeg oseaner (til meg å være):} 16. Nd6 Nd5 17.
Bxd5 Bxd4 18. Nxf7 Kg7 {Det beste i en håpløs stilling.} ({Hvit kunne håpe på
noe i stil med:} 18... Rae8 19. Ng5+ Kh8 20. Rxh7#) 19. c3 Bc5 20. Rxb7 Ra7 {
I løpet av de 5 siste trekkene har svart et par ganger vært nede på 0.02, men
står nå på 0.40. Hvit har mer normalt 21 minutter igjen.} 21. Rxa7 Bxa7 22. Rd1
Rxf7 23. Bxf7 Kxf7 {Normalt er et løperpar sterkt, men her har hvit 3 bønder
mer og får snart 1 til. Den ulykksalige kombinasjonen av løper og konge på 7.
raden gjør at svart må se opp for en tårnsjakk som vinner La7} 24. Rd6 {Hvit
tapte på tid} 1-0

[Event "Østlandsserien 2017/2018, 3. div. B"]
[Site "Oslo NOR"]
[Date "2017.11.05"]
[Round "1"]
[White "Flaa, Eirik"]
[Black "Johnson, David"]
[Result "1-0"]
[WhiteElo "1465"]
[BlackElo "1452"]
[PlyCount "151"]
[EventDate "2017.11.05"]
[Board "2"]
[WhiteTeam "SOSS Selvaagbygg 2"]
[BlackTeam "Follo 2"]

1. d4 f5 2. c4 Nf6 3. Nc3 {A85: Dutch Defense: Queen's Knight Variation} e6 4.
e3 Be7 5. Bd3 b6 6. Nge2 Bb7 7. O-O O-O 8. f3 Qe8 9. e4 {(+0.54 ? -0.10)
Inaccuracy. A better move was 9. a3.} (9. a3 c5 10. d5 Na6 11. e4 fxe4 12. fxe4
Bd6 13. Bf4 Bxf4) 9... fxe4 10. fxe4 d6 {(+0.07 ? +1.33) Inaccuracy. A better
move was 10... e5.} (10... e5 11. Nd5 Nxd5 12. exd5 exd4 13. Rxf8+ Bxf8 14. Bf4
Na6 15. Qd2) 11. Nf4 Bd8 12. d5 Bc8 13. dxe6 Bxe6 14. Nxe6 Qxe6 15. b3 Nbd7 16.
c5 {(+0.18 ? -0.39) Inaccuracy. A better move was 16. Nb5.} (16. Nb5 Rf7 17.
Bc2 a5 18. Nd4 Qe8 19. Bb2 Ne5 20. Nf5 Nfd7) 16... Qe5 17. Bb2 Qxc5+ 18. Kh1
Ne5 19. Na4 {(+0.30 ? -0.35) Inaccuracy. A better move was 19. Nb5.} (19. Nb5
Nxd3 20. Qxd3 a6 21. Nd4 Qe5 22. Qc4+ Rf7 23. Rae1 b5) 19... Qe3 20. Bxe5 dxe5
21. Rf3 Qd4 22. Rc1 c5 {(-0.75 ? -0.15) Inaccuracy. A better move was 22...
Kh8.} (22... Kh8 23. Nc3 c6 24. Ne2 Qd7 25. Qc2 Rc8 26. Bb5 Be7 27. Bxc6) 23.
Nc3 a6 24. Bc4+ Kh8 25. Qf1 Qd7 26. Bxa6 Qc6 27. Nd5 Rg8 28. Bb5 {(+1.57 ? +0.
84) Inaccuracy. A better move was 28. Bc4.} (28. Bc4 Rxa2 29. Nc3 Rd2 30. Bxg8
Kxg8 31. Qc4+ Kh8 32. Rd3 Rxd3) 28... Qb7 29. Nxf6 Bxf6 30. Bc4 Qxe4 31. Bxg8
Kxg8 32. a4 {(+1.73 ? +1.00) Inaccuracy. A better move was 32. Qb5.} (32. Qb5
Qd5 33. Qxb6 Rxa2 34. Qb8+ Qd8 35. Qb5 Rd2 36. Qxc5 Rd4) 32... Rd8 33. Qc4+ {
(+1.90 ? +0.62) Mistake. The best move was 33. Qb5.} (33. Qb5 Qb4 34. Qc6 Qd2
35. Qe6+ Kh8 36. Rff1 Qd6 37. Qxd6 Rxd6) 33... Qxc4 34. bxc4 e4 35. Rb3 e3 36.
Re1 Bd4 37. g3 Ra8 38. Ra3 Kf7 39. Kg2 Ke6 40. Re2 {(+1.43 ? +0.01) Mistake.
The best move was 40. Rb1.} (40. Rb1 Ra6 41. Kf3 h5 42. Ke2 g5 43. Rf1 Ra8 44.
Ra2 Ke5) 40... Rf8 {(0.00 ? +1.27) Inaccuracy. A better move was 40... Kf5.} (
40... Kf5 41. Re1 Ke4 42. Rf1 g5 43. Rf7 Rd8 44. Rxh7 Be5 45. Kf1) 41. Rb3 Ke5
42. Rxb6 Ke4 {(+1.07 ? +1.93) Inaccuracy. A better move was 42... Ra8.} (42...
Ra8 43. Ra2 Bc3 44. Rb7 Kd4 45. Re7 Kd3 46. a5 Rxa5 47. Rxa5) 43. Rb3 Ra8 44.
Ra2 Be5 45. a5 Kd4 46. a6 Kxc4 47. Rxe3 Kd4 48. Kf3 Kd5 49. Rd2+ {(+4.32 ? +2.
91) Inaccuracy. A better move was 49. a7.} (49. a7 h5 50. Re1 g5 51. Rd1+ Bd4
52. Rb1 Be5 53. Rd1+ Bd4) 49... Bd4 50. Ra3 Kc4 51. Ke2 {(+3.94 ? +2.88)
Inaccuracy. A better move was 51. a7.} (51. a7 Kd5 52. Rd1 Rf8+ 53. Kg4 Ra8 54.
Ra6 h6 55. Kf4 Rf8+) 51... Kb4 52. Raa2 {(+3.33 ? +2.27) Inaccuracy. A better
move was 52. Rda2.} (52. Rda2 c4 53. a7 Bb6 54. Ra6 Kb5 55. Kd2 Bd4 56. Kc2 Kc5
) 52... Kb5 {(+2.52 ? +4.03) Inaccuracy. A better move was 52... Bc3.} (52...
Bc3 53. Rdc2 Ra7 54. Kd3 Kb3 55. Re2 Bf6 56. Ke4 c4 57. Kd5) 53. a7 Kb6 54. Kd3
{(+4.57 ? +1.93) Blunder. The best move was 54. Rd1.} (54. Rd1 Kc6 55. Kf3 Bc3
56. Ke4 Kb6 57. Rd6+ Kb7 58. Rd7+ Kc6) 54... Rxa7 55. Rxa7 Kxa7 56. Kc4 Kb7 57.
Re2 Kc6 58. Re6+ Kd7 59. Ra6 Ke7 60. Kd5 Kf7 61. g4 g5 {(+1.63 ? +2.60)
Inaccuracy. A better move was 61... Bf2.} (61... Bf2 62. Ke5 Bd4+ 63. Ke4 Bf2
64. Ke5 Bd4+ 65. Ke4 Bf2 66. Rc6) 62. Ke4 Kg7 63. Rc6 Bg1 64. h3 Bd4 65. Kf5
Be3 66. Rc7+ Kh6 {(+4.95 ? ? Mate in 4) Blunder. The best move was 66... Kg8.}
(66... Kg8 67. Kf6 Bd4+ 68. Kxg5 Be3+ 69. Kh5 Kh8 70. g5 Bf4 71. Rxc5) 67. Rc6+
{(? Mate in 4 ? +5.03) Missed mate. Checkmate after 67. Kf6 .} (67. Kf6 Bd4+
68. Kf7 Bf6 69. Rc6 c4 70. Rxf6#) 67... Kg7 68. Re6 {(+5.25 ? +3.71)
Inaccuracy. A better move was 68. Rc7+.} (68. Rc7+ Kg8 69. Kf6 Bd4+ 70. Kxg5
Be3+ 71. Kh5 h6 72. Re7 Bd2) 68... Bf4 69. h4 h6 70. Rc6 Be3 71. h5 Bd4 72.
Rc7+ Kf8 73. Kg6 Ke8 74. Kxh6 Kd8 75. Ra7 c4 76. Ra4 1-0

[Event "Østlandsserien 2017/2018, 3. div. B"]
[Site "Oslo NOR"]
[Date "2017.11.05"]
[Round "1"]
[White "Midtgard, Anders"]
[Black "Sit, Louis"]
[Result "0-1"]
[WhiteElo "1185"]
[BlackElo "1293"]
[Annotator "Lea, Per"]
[PlyCount "102"]
[EventDate "2017.11.05"]
[Board "3"]
[WhiteTeam "Follo 2"]
[BlackTeam "SOSS Selvaagbygg 2"]

1. d4 Nf6 2. Bf4 g6 3. Nc3 Bg7 4. e4 d6 5. Qd2 O-O 6. O-O-O Nbd7 7. Nf3 c5 8.
Bh6 cxd4 9. Nxd4 Qa5 10. f3 a6 $2 11. h4 $1 Bxh6 12. Qxh6 Nh5 13. Nf5 (13. g4
$1 Nhf6 14. h5 Nb6 15. hxg6 fxg6 16. g5 Nh5 17. Rxh5 gxh5 18. g6 hxg6 19. Bc4+
Nxc4 20. Qxg6+ Kh8 21. Nd5 Ne5 22. Qxh5+ Kg7 23. Rg1+ Ng4 24. Ne6+ Bxe6 25.
Qg5+ Kf7 26. Qxe7+ Kg8 27. Qxe6+ Kh7 28. Rh1+ Kg7 29. Qxg4+ Kf7 30. Rh7+ Ke8
31. Qd7# {Det er nok flere av oss som ikke hadde sett hele denne varianten...})
13... Qe5 14. Rd5 $2 (14. g4 $1 gxf5 15. gxh5 Qf6 16. Rg1+ Kh8 17. Qd2 $18 {
(Stockfish)}) 14... Qf4+ (14... Qe6) 15. Qxf4 Nxf4 16. Nxe7+ Kg7 17. Nxc8 $4 (
17. Rxd6 {og hvit har fremdeles vinststilling}) 17... Nxd5 18. Nxd5 Raxc8 19.
h5 h6 20. Kd2 Ne5 21. b3 g5 22. Ne7 Rcd8 23. Nf5+ Kh7 24. c4 Rd7 25. Ke3 Rb8
26. g3 b5 27. f4 gxf4+ 28. gxf4 Ng4+ 29. Kf3 Nf6 30. cxb5 axb5 31. Nd4 b4 32.
Bb5 Rc7 33. Bc6 $2 {Fram til nå har hvit vært innenfor remisgrensa.} (33. Bc4 {
bør gi store remissjanser}) 33... Rb6 34. e5 dxe5 35. fxe5 Nd7 36. Ke4 (36.
Be4+ Kh8 37. Kf4 Rc5 38. Nf5 Rxe5 (38... Nxe5 $4 39. Rd1) 39. Rd1 Rbe6 {
fremdeles med remissjanser}) 36... Rbxc6 37. Nxc6 Rxc6 38. Rd1 Nf8 39. Rd8 Ne6
40. Rd7 {Nå er resten bare tekninkk} Nc5+ 41. Kd5 Nxd7 42. Kxc6 Nxe5+ 43. Kb5
Nd3 44. Kc4 Nc1 45. Kxb4 Nxa2+ 46. Ka3 f5 47. b4 Nxb4 48. Kxb4 Kg7 49. Kc4 Kf6
50. Kd5 Kg5 51. Ke5 Kg4 0-1

[Event "Østlandsserien 2017/2018, 4. div. A"]
[Site "Askim, Østfold NOR"]
[Date "2017.11.05"]
[Round "1"]
[White "Rønbeck, Bjørn"]
[Black "David, Eldin"]
[Result "0-1"]
[WhiteElo "1130"]
[BlackElo "1985"]
[PlyCount "50"]
[EventDate "2017.11.05"]
[Board "1"]
[WhiteTeam "Follo 3"]
[BlackTeam "Indre Østfold"]

1. e4 d6 2. Bc4 c6 3. d4 Qc7 4. h3 e5 5. c3 Nf6 6. Qc2 Be7 7. Nd2 O-O 8. Ngf3
Nbd7 9. Nf1 Re8 10. Ng5 d5 11. Bb3 exd4 12. cxd4 h6 13. f4 Bb4+ 14. Bd2 Bxd2+
15. Qxd2 hxg5 16. Ne3 Nxe4 17. Qe2 Qa5+ 18. Kf1 Nd2+ 19. Kg1 Nxb3 20. Rb1 Nxd4
21. Qh5 Rxe3 22. h4 g4 23. Rd1 Ne2+ 24. Kh2 Qc7 25. Rhf1 Ng3 0-1

[Event "Østlandsserien 2017/2018, 4. div. A"]
[Site "Askim, Østfold NOR"]
[Date "2017.11.05"]
[Round "1"]
[White "Arulmaran, Abishan"]
[Black "Samset, Jon"]
[Result "1-0"]
[WhiteElo "1167"]
[BlackElo "1103"]
[PlyCount "23"]
[EventDate "2017.11.05"]
[Board "2"]
[WhiteTeam "Indre Østfold"]
[BlackTeam "Follo 3"]

1. e4 g6 2. d4 d6 3. Bc4 Bg7 4. Nf3 Bg4 $2 5. Bxf7+ Kxf7 6. Ng5+ Kf8 7. Qxg4
Nf6 8. Qf3 Qd7 9. e5 Qa4 10. exf6 exf6 11. b3 Qxd4 12. Ne6+ 1-0